Elegant crochet laces

Bibliographic Details
Main Author: Suzuki, Yoko
Format: Book
Published: Tokyo : Ondorisha , 1983
Subjects:

MARC

LEADER 00000cam a2200000 7i4500
001 0000005338
002 000005767
005 20000330.0
020 |a 0870405284 
090 0 0 |a 746.434   |b SUZ 
100 1 |a Suzuki, Yoko 
245 1 0 |a Elegant crochet laces   |c Yoko Suzuki 
260 |a Tokyo :   |b Ondorisha ,   |c 1983 
300 |a 103 p. :   |b ill. ;   |c 26 cm. 
650 0 0 |a Crocheting 
999 |a 032883   |b BUKU   |c PINJAMAN   |e PERPUSTAKAAN KOMUNITI PETALING JAYA 
999 |a 032884   |b BUKU   |c PINJAMAN   |e PERPUSTAKAAN KOMUNITI PETALING JAYA